000 00608nam a2200181 a 4500
001 000016457
005 20250721105519.0
008 100305s2002 dr 001 0 spa d
040 _aDO-SdBNP
_bspa
_cBNPHU
082 _a352.4
_bS715m
100 1 _aSosa Vásquez, Tamara Celina
_936670
245 1 0 _aManual de administración financiera /
_cTamara Celina Sosa Vásquez.
260 _aSanto Domingo :
_bConsejo Nacional de Reforma (CONARE)
_bEditora AZ,
_c2002.
300 _a58 p. ;
_c28 cm.
650 4 _aAdministración financiera
_xManuales
_936671
650 0 _aGobierno municipal
_917207
049 _aBNPD
999 _c15992
_d15992